49 Asian Countries 49 Cities - Statistics

General Stats
  • This quiz has been taken 46 times
    21 since last reset
  • The average score is 37 of 49
Answer Stats
City Country % Correct
Tokyo Japan
94%
Kuala Lampur Malaysia
94%
Taipei Taiwan
94%
Bangkok Thailand
94%
Anakara Turkey
94%
Kuwait City Kuwait
89%
Naypyidaw Myanmar
89%
Dubai United Arab Emirates
89%
Thanh Pho Ho Chi Minh City Vietnam
89%
Phnom Penh Cambodia
83%
Jerusalem Israel
83%
Almaty Kazakhstan
83%
Ulaanbaatar Mongolia
83%
Muscat Oman
83%
Cebu Philippines
83%
Doha Qatar
83%
Novosibirsk Russia
83%
Singapore Singapore
83%
Sri Jayawardana Pura Kotte Sri Lanka
83%
Ashgabat Turkmenistan
83%
Tashkent Uzbekistan
83%
San`a Yemen
83%
Baku Azerbaijan
78%
Bandar Seri Beghawan Brunei
78%
Nicosia Cyprus
78%
Dili East Timor
78%
Amman Jordan
78%
Vientiane Laos
78%
Male Maldives
78%
Peshawar Pakistan
78%
Jeddah Saudi Arabia
78%
Manama Bahrain
72%
Thimphu Bhutan
72%
Kathmandu Nepal
72%
Dushanbe Tajikistan
72%
Ulsan South Korea
67%
Homs Syria
67%
Medan Indonesia
61%
Osh Kyrgyzstan
61%
Kandahar Afghanistan
56%
Zahle Lebanon
56%
Rason North Korea
56%
Khulna Bangladesh
50%
Hotan China
50%
Rustavi Georgia
50%
Shimla India
50%
Tikrit Iraq
50%
Spitak Armenia
44%
Qazvin Iran
44%
No matching quizzes found
Score Distribution
Percent of People with Each Score
Percentile by Number Answered
Your Score History
You have not taken this quiz since the last reset